[Event "RUS-ch U18"]
[Site "Rybinsk"]
[Date "2001.??.??"]
[Round "3"]
[White "Gudimov, Andrei"]
[Black "Spirin, Oleg"]
[Result "0-1"]
[WhiteElo "2174"]
[BlackElo "2307"]
[PlyCount "142"]
[EventDate "2001.02.??"]
[EventType "swiss"]
[EventRounds "10"]
[EventCountry "RUS"]
[SourceTitle "EXT 2002"]
[Source "ChessBase"]
[SourceDate "2001.11.25"]
[SourceVersion "1"]
[SourceVersionDate "2001.11.25"]
[SourceQuality "1"]

1. Nf3 Nf6 2. g3 b6 3. Bg2 Bb7 4. 0-0 c5 5. c4 g6 6. d3 Bg7 7. Nc3 0-0 8. e4 d6 9. Be3 Nc6 10. Qd2 Ng4 11. Rad1 Nxe3 12. fxe3 a6 13. a4 Rb8 14. d4 Ba8 15. Qe2 Qc8 16. b3 h6 17. Rf2 Kh7 18. Qc2 Nb4 19. Qb1 e6 20. Ne1 Qc7 21. Nc2 Qe7 22. Nxb4 cxb4 23. Na2 d5 24. cxd5 exd5 25. e5 f6 26. exf6 Bxf6 27. Re2 Rbe8 28. Rde1 Qd6 29. Nc1 Bb7 30. Nd3 Bc8 31. Nf2 Bf5 32. Qb2 h5 33. Qd2 Re7 34. Nd3 a5 35. Nf4 Be4 36. Bxe4 Rxe4 37. Rf2 Bg7 38. Nh3 Bh6 39. Rxf8 Qxf8 40. Nf4 Qf5 41. Rf1 Bxf4 42. exf4 Qf6 43. Rd1 Qe6 44. Kf2 Qh3 45. Kg1 h4 46. Qd3 Qg4 47. Kf2 Qh3 48. Kg1 Kg7 49. Qf3 Qe6 50. Kf2 Qc6 51. Qd3 h3 52. Rd2 Qf6 53. Re2 Qxd4+ 54. Qxd4+ Rxd4 55. Ke3 Rd1 56. Rd2 Rb1 57. Kd4 Rxb3 58. Kxd5 Ra3 59. g4 Rxa4 60. Ke6 b3 61. Rd7+ Kh6 62. Rd3 Re4+ 63. Kd5 Rb4 64. g5+ Kh5 65. Rxh3+ Kg4 66. Rg3+ Kf5 67. Rg1 b2 68. Rb1 a4 69. h4 a3 70. Rf1 Kg4 71. h5 Kxh5 0-1

[Event "RUS-ch U18"]
[Site "Rybinsk"]
[Date "2001.??.??"]
[Round "2"]
[White "Kosintseva, Tatiana"]
[Black "Gudimov, Andrei"]
[Result "1/2-1/2"]
[WhiteElo "2303"]
[BlackElo "2174"]
[PlyCount "135"]
[EventDate "2001.02.??"]
[EventType "swiss"]
[EventRounds "10"]
[EventCountry "RUS"]
[SourceTitle "EXT 2002"]
[Source "ChessBase"]
[SourceDate "2001.11.25"]
[SourceVersion "1"]
[SourceVersionDate "2001.11.25"]
[SourceQuality "1"]

1. e4 c5 2. Nf3 Nc6 3. c3 e6 4. d4 d5 5. exd5 exd5 6. Bb5 Bd6 7. dxc5 Bxc5 8. 0-0 Nge7 9. Nbd2 0-0 10. Nb3 Bb6 11. Re1 Bg4 12. Be3 Qc7 13. Bxb6 axb6 14. Be2 Na5 15. Nxa5 bxa5 16. Nd4 Bxe2 17. Qxe2 Ng6 18. Nf3 a4 19. a3 Ra6 20. Rad1 Rd6 21. Rd4 Qc6 22. Red1 Rfd8 23. Rb4 Qd7 24. Qd2 f6 25. Qd4 Ra8 26. h3 Ne7 27. Qd3 Nc6 28. Rb5 Rd8 29. Qc2 Ne5 30. Nd4 Ra6 31. Rb4 g6 32. Ne2 b5 33. Nf4 Rd6 34. Rbd4 Qc6 35. Qe2 Kf7 36. Nd3 Nxd3 37. Qxd3 Qd7 38. Rb4 Rb8 39. Qd2 Rc8 40. Rd4 Rd8 41. Qe2 Re8 42. Qd3 Rd8 43. h4 Kg7 44. Rb4 Rb8 45. Qe3 h5 46. Qc5 Rb7 47. Rdd4 Rbb6 48. Rxd5 Rxd5 49. Qxb6 Qe7 50. Qe3 Qd6 51. Rd4 Kf7 52. Qe4 Rxd4 53. cxd4 f5 54. Qb7+ Kf6 55. Qa8 Ke6 56. Qg8+ Kf6 57. Qe8 Qd5 58. g3 f4 59. gxf4 Qf3 60. Qe3 Qg4+ 61. Qg3 Qd1+ 62. Kg2 Qxd4 63. Qg5+ Kf7 64. Qe5 Qc4 65. f5 Qg4+ 66. Qg3 Qxf5 67. Qc7+ Kf6 68. Qd6+ 1/2-1/2